Statistiche per Proverbi latini - Quiz n°1

Clicka qui per fare il quiz!

Statistiche generali

  • Questo quiz è stato fatto 34 volte
  • Il punteggio medio è 10 su 10

Statistiche sulle risposte

HintRisposta% Corretto
Ubi maior, minor cessatDinanzi al più forte, il debole scompare
100%
Nomen omenIl nome è un presagio
100%
Gutta cavat lapidemLa goccia scava la pietra
100%
Errare humanum est, perseverare autem diabolicumL'errare è cosa umana, il perseverare nella colpa invece è diabolico
100%
In vino veritasNel vino c'è la verità
100%
Si vis pacem, para bellumSe vuoi la pace prepara la guerra
100%
Amor caecusL'amore è cieco
97%
Cogito ergo sumPenso dunque sono
97%
Sicut mater, ita et filia eiusQuale la madre, tale anche la figlia
97%
Pecunia non oletIl denaro non puzza
93%

Distribuzione punteggi

Percentile per numero di risposta

Percentuale di utenti per punteggio

I tuoi punteggi nel tempo

Non hai fatto questo quiz